Zápisník 29 : kniha hádanek, kterou je třeba luštit /

Hlavní autor: Chassapakis, Dimitris
Další autoři: Pražák, Václav, 1979-
Jazyk: Čeština
Vydáno: Praha : Albi, 2020
Vydání: 1. vydání
Edice: Exit - úniková kniha
Mozkovna
Témata:
Fyzický popis: 135 stran v různém stránkování : ilustrace ; 22 cm
Knihy
Uloženo v:
LEADER 01827nam a2200529 i 4500
001 nkc20203245537
003 CZ PrNK
005 20210629152121.0
007 ta
008 200907s2020 xr a c 000 0 cze
015 |a cnb003245537 
020 |a 978-80-88317-47-0  |q (brožováno) 
035 |a (OCoLC)1260122672 
040 |a BOA001  |b cze  |d ABA001  |e rda 
041 1 |a cze  |h ger 
072 7 |a 793  |x Společenská zábava  |2 Konspekt  |9 20 
072 7 |a 0/9-053.2  |x Literatura pro děti a mládež (naučná)  |2 Konspekt  |9 26 
080 |a 793/796-022.326.5  |2 MRF 
080 |a (0.05)793.7  |2 MRF 
080 |a (0.053.2)  |2 MRF 
100 1 |a Chassapakis, Dimitris  |4 aut 
240 1 0 |a Tagebuch 29.  |l Česky 
245 1 0 |a Zápisník 29 :  |b kniha hádanek, kterou je třeba luštit /  |c Dimitris Chassapakis 
250 |a 1. vydání 
264 1 |a Praha :  |b Albi,  |c 2020 
300 |a 135 stran v různém stránkování :  |b ilustrace ;  |c 22 cm 
336 |a text  |b txt  |2 rdacontent 
336 |a statický obraz  |b sti  |2 rdacontent 
337 |a bez média  |b n  |2 rdamedia 
338 |a svazek  |b nc  |2 rdacarrier 
490 1 |a Exit - úniková kniha 
490 1 |a Mozkovna 
500 |a Z němčiny přeložil Václav Pražák 
650 0 7 |a únikové hry  |7 ph1097074  |2 czenas 
650 0 9 |a escape games  |2 eczenas 
655 7 |a čtenářské hry  |7 fd133978  |2 czenas 
655 7 |a publikace pro děti  |7 fd133156  |2 czenas 
655 9 |a literary recreations  |2 eczenas 
655 9 |a children's literature  |2 eczenas 
700 1 |a Pražák, Václav,  |d 1979-  |7 jo2013768591  |4 trl 
830 0 |a Exit - úniková kniha  |0 s 
830 0 |a Mozkovna  |0 s 
910 2 |a BOA001  |b 2-1464.532 
990 |a BK 
995 |a 01 
991 |b 202106  |c NOV 
996 6 |b 2610865400  |c 2-1464.532  |l MZK  |r Sklad / do 1 hodiny  |n 0  |p p.v.  |w 001851830  |u 000010  |a 1  |e BOA001  |j MZK50  |s P